|
|
|
|
| LEADER |
00000nam a2200000 a 4500 |
| 001 |
vtls001266657 |
| 003 |
SK-MaSNL |
| 005 |
20260301234602.0 |
| 008 |
240315s1974 xr ao 0 cze |
| 035 |
|
|
|a SNK000217602
|
| 040 |
|
|
|a SNK
|b slo
|c SNK
|e AACR2
|
| 041 |
|
|
|a cze
|
| 044 |
|
|
|a xr
|c CZ
|
| 100 |
1 |
|
|a Uždil, Jaromír,
|d 1915-2006
|4 aut
|9 213568
|
| 245 |
1 |
|
|a Výtvarný projev a výchova
|c Jaromír Uždil
|
| 260 |
|
|
|a Praha
|b Státní pedagogické nakladatelství
|c 1974
|
| 300 |
|
|
|a 314, [2] s.
|b fotografie, ilustrácie
|c 24 cm
|
| 650 |
0 |
7 |
|a výtvarná výchova
|2 SNKPH
|9 2777
|
| 650 |
0 |
7 |
|a detská kresba
|2 SNKPH
|9 3077
|
| 650 |
0 |
7 |
|a didaktika
|2 SNKPH
|9 3484
|
| 655 |
|
7 |
|a monografie
|2 SNKPH
|9 70139
|
| 958 |
|
|
|a OND
|
| 999 |
|
|
|c 970795
|d 972725
|
| 952 |
|
|
|t P60, <04>, [BOOK], {604}
|a SNK
|b SNK
|y VYP
|7 0
|p 17A0018874
|o snkIC 60554
|0 0
|1 0
|4 0
|d 1996-11-19
|l 0
|r 2005-01-01 00:00:00
|w 2026-02-24
|
| 952 |
|
|
|t P60, <04>, [BOOK], {604}
|a SNK
|b SNK
|y VYP
|7 0
|p 17A0051348
|o snkIC 60554 D1
|0 0
|1 1
|4 0
|d 1997-03-04
|l 0
|r 2005-01-01 00:00:00
|w 2026-02-24
|